|
|
|
|
| LEADER |
01655nam a2200445Ia 4500 |
| 001 |
EBC274485 |
| 003 |
MiAaPQ |
| 005 |
20200520144314.0 |
| 006 |
m o d | |
| 007 |
cr cn||||||||| |
| 008 |
060530s2006 enkab sb 000 0 eng d |
| 010 |
|
|
|z 2006017791
|
| 020 |
|
|
|z 9781845410452
|
| 020 |
|
|
|z 1845410432 (pbk.)
|
| 020 |
|
|
|z 1845410440 (hbk.)
|
| 020 |
|
|
|z 1845410459
|
| 020 |
|
|
|z 9781845410438 (pbk.)
|
| 020 |
|
|
|z 9781845410445 (hbk.)
|
| 035 |
|
|
|a (MiAaPQ)EBC274485
|
| 035 |
|
|
|a (Au-PeEL)EBL274485
|
| 035 |
|
|
|a (CaPaEBR)ebr10146805
|
| 035 |
|
|
|a (CaONFJC)MIL60963
|
| 035 |
|
|
|a (OCoLC)437174849
|
| 040 |
|
|
|a MiAaPQ
|c MiAaPQ
|d MiAaPQ
|
| 050 |
|
4 |
|a G156.5.H47
|b C857 2006
|
| 082 |
0 |
4 |
|a 338.4/791
|2 22
|
| 245 |
0 |
0 |
|a Cultural tourism in a changing world
|h [electronic resource] :
|b politics, participation and (re)presentation /
|c edited by Melanie Smith and Mike Robinson.
|
| 260 |
|
|
|a Clevedon [England] ;
|a Buffalo, NY :
|b Channel View Publications,
|c c2006.
|
| 300 |
|
|
|a xi, 303 p. :
|b ill., maps.
|
| 490 |
1 |
|
|a Tourism and cultural change ;
|v 7
|
| 504 |
|
|
|a Includes bibliographical references.
|
| 533 |
|
|
|a Electronic reproduction. Ann Arbor, MI : ProQuest, 2015. Available via World Wide Web. Access may be limited to ProQuest affiliated libraries.
|
| 650 |
|
0 |
|a Heritage tourism
|x Social aspects.
|
| 650 |
|
0 |
|a Heritage tourism.
|
| 655 |
|
4 |
|a Electronic books.
|
| 700 |
1 |
|
|a Robinson, Mike,
|d 1960-
|
| 700 |
1 |
|
|a Smith, Melanie K.
|
| 710 |
2 |
|
|a ProQuest (Firm)
|
| 830 |
|
0 |
|a Tourism and cultural change ;
|v 7.
|
| 856 |
4 |
0 |
|u https://ebookcentral.proquest.com/lib/matrademy/detail.action?docID=274485
|z Click to View
|